|
|
|
|
| LEADER |
00000nab a2200000 4500 |
| 001 |
vtls011905148 |
| 003 |
SK-MaSNL |
| 005 |
20260318114500.0 |
| 008 |
191204c2019 xo er n || ||00 c0ukr |
| 015 |
|
|
|a SNBRB2019/12
|
| 038 |
|
|
|a SVKPOCL
|
| 040 |
|
|
|a SVKPOCL
|b slo
|c SVKPOCL
|e rda
|
| 041 |
0 |
|
|a ukr
|
| 043 |
|
|
|a e-xo---
|
| 044 |
|
|
|a xo
|c SK
|
| 072 |
|
7 |
|a 784
|x Vokálna hudba
|2 konspekt
|
| 072 |
|
7 |
|a 398
|x Folklór
|2 konspekt
|
| 080 |
|
|
|a 784.4:005.332.4
|2 2011
|
| 080 |
|
|
|a 784.4:7.092
|2 2011
|
| 080 |
|
|
|a 78:7.079
|2 2011
|
| 080 |
|
|
|a 398.8
|2 2011
|
| 080 |
|
|
|a 7.092
|2 2011
|
| 080 |
|
|
|a 316.022.4(=161.25)(437.6)
|2 2011
|
| 080 |
|
|
|a (437.672)
|2 2011
|
| 080 |
|
|
|a 316.022.4(=161.2)(437.6)
|2 2011
|
| 080 |
|
|
|a 398.8:005.332.4
|2 2011
|
| 080 |
|
|
|a 785.6
|2 2011
|
| 100 |
1 |
|
|a -sval-
|4 aut
|9 1327129
|
| 245 |
1 |
0 |
|a «Makovyc'ka struna» v Košycjach
|c [autor] -sval- ; foto Svjatoslava Nirody
|
| 300 |
|
|
|b Fotografie
|
| 336 |
|
|
|a text
|b txt
|2 rdacontent
|
| 337 |
|
|
|a bez média
|b n
|2 rdamedia
|
| 338 |
|
|
|a zväzok
|b nc
|2 rdacarrier
|
| 500 |
|
|
|a V rubrike Z krajiny i kraju
|
| 500 |
|
|
|a Nesprávne uvedený ročník regionálnej súťaže (namiesto 33. je 46. ročník)
|
| 500 |
|
|
|a Doplňujúce údaje sú prevzaté z goslovakia.sk
|
| 600 |
1 |
7 |
|a Zjatik, Peter,
|d 1997-
|2 svkpocl
|9 1327039
|
| 600 |
1 |
7 |
|a Zjatik, Denis,
|d 2001-
|2 svkpocl
|9 1327040
|
| 600 |
1 |
7 |
|a Iľková, Magdaléna
|2 svkpocl
|9 1084332
|
| 600 |
1 |
7 |
|a Ljubimová, Jana
|2 svkpocl
|9 550132
|
| 600 |
1 |
7 |
|a Haščák, Viktor
|2 svkpocl
|9 716968
|
| 600 |
1 |
7 |
|a Begeni, Peter,
|d 1944-
|2 SNKMA
|9 115191
|
| 600 |
1 |
7 |
|a Šuťaková, Dominika
|2 svkpocl
|9 1624600
|
| 600 |
1 |
7 |
|a Paňková, Dominika
|2 svkpocl
|9 1624601
|
| 600 |
1 |
7 |
|a Kantuľáková, Renáta
|2 svkpocl
|9 1630364
|
| 600 |
1 |
7 |
|a Guba, Roland
|2 svkpocl
|9 1327041
|
| 600 |
1 |
7 |
|a Borovská, Natália
|2 svkpocl
|9 1630367
|
| 600 |
1 |
7 |
|a Smilnícka, Valéria
|2 svkpocl
|9 1327131
|
| 600 |
1 |
7 |
|a Garjanská, Ľudmila,
|d 1957-
|2 svkpocl
|9 1235811
|
| 600 |
1 |
7 |
|a Kozyreva, Ljudmyla
|2 svkpocl
|9 1334540
|
| 600 |
1 |
7 |
|a Salijenko, Kateryna
|2 svkpocl
|9 1333608
|
| 600 |
1 |
7 |
|a Ferková, Slavka
|2 svkpocl
|9 1630365
|
| 600 |
1 |
7 |
|a Šuťaková, Blažena
|2 svkpocl
|9 1630363
|
| 600 |
1 |
7 |
|a Pobehová, Mária
|2 svkpocl
|9 31417
|
| 600 |
1 |
7 |
|a Němcová, Andrea
|2 svkpocl
|9 781316
|
| 600 |
1 |
7 |
|a Regrutová, Anna
|2 svkpocl
|9 992068
|
| 600 |
1 |
7 |
|a Kreta, Igor,
|d 1951-
|2 svkpocl
|9 976327
|
| 600 |
1 |
7 |
|a Hruška, Martin
|2 svkpocl
|9 9823
|
| 600 |
1 |
7 |
|a Korfant, Erik
|2 svkpocl
|9 1631201
|
| 600 |
1 |
7 |
|a Ferenčík, Ján
|2 svkpocl
|9 5053
|
| 600 |
1 |
7 |
|a Magur, Juraj,
|d 1948-
|2 svkpocl
|9 1039380
|
| 610 |
2 |
7 |
|a Štúdio Sándora Máraia (Košice, Slovensko)
|2 svkpocl
|9 255192
|
| 610 |
2 |
7 |
|a Poľana (mužská spevácka skupina : Košice, Slovensko)
|2 svkpocl
|9 1063595
|
| 611 |
2 |
7 |
|a Makovická struna
|g regionálne súťaže
|n (46. :
|d 2018 :
|c Košice, Slovensko)
|2 svkpocl
|9 1631202
|
| 648 |
|
7 |
|a 23.9.2018
|2 svkpocl
|9 1111518
|
| 650 |
0 |
7 |
|a ľudové piesne
|2 SNKPH
|9 1941
|
| 650 |
0 |
7 |
|a súťaže
|2 SNKPH
|9 3301
|
| 650 |
0 |
7 |
|a rusínske piesne
|2 svkpocl
|9 327398
|
| 650 |
0 |
7 |
|a ukrajinské piesne
|2 SNKPH
|9 3455
|
| 650 |
0 |
7 |
|a slavistika
|2 SNKPH
|9 4282
|
| 650 |
0 |
7 |
|a ukrajinistika
|2 SNKPH
|9 51200
|
| 650 |
0 |
7 |
|a Rusíni
|2 SNKPH
|9 4087
|
| 650 |
0 |
7 |
|a regionálne súťažné prehliadky
|2 svkpocl
|9 1063434
|
| 650 |
0 |
7 |
|a Ukrajinci
|2 SNKPH
|9 19025
|
| 650 |
0 |
7 |
|a koncerty
|2 SNKPH
|9 19182
|
| 651 |
|
7 |
|a Košice (Slovensko)
|2 SNKPHgeo
|9 18694
|
| 651 |
|
7 |
|a Bardejov (Slovensko)
|2 SNKPHgeo
|9 20040
|
| 651 |
|
7 |
|a Slovensko
|2 SNKPHgeo
|9 14231
|
| 773 |
0 |
|
|t Nove žyttja
|g Roč. 68, č. 20 (2018), s. 4
|
| 852 |
|
|
|a SVKPO
|b KIS3GCP
|
| 856 |
4 |
2 |
|u https://goslovakia.sk/sk/podujatia/5093-makovicka-struna-presov
|
| 958 |
|
|
|a UK
|
| 958 |
|
|
|a SK
|
| 958 |
|
|
|a SS
|
| 958 |
|
|
|a LX
|
| 958 |
|
|
|a NM
|
| 999 |
|
|
|c 3364366
|d 3366296
|